00256nam a2200085Ia 4500008004100000082001600041245005800057260004100115300001400156230907s9999||||xx |||||||||||||| ||und|| a515.35bZIL 0aDifferential equations with boundary-value problems / aAustralia :bCengage Learning,c2018 ax, 559 p.